| 000 | 004630000a22001690004500 | ||
|---|---|---|---|
| 003 | MACL | ||
| 005 | 20160109160135.0 | ||
| 008 | 160109b xxu||||| |||| 00| 0 eng d | ||
| 040 |
_aMACL _cMACL |
||
| 041 | _aEnglish | ||
| 082 | _a825.8 | ||
| 100 |
_aJohn Murray _928765 |
||
| 245 |
_aThe Principles Speeches and Addresses of His Royal Highness _bThe Prince Consort |
||
| 260 |
_bJohn Murray _c1862 _aLondon |
||
| 650 |
_aSpeeches _930557 |
||
| 942 |
_cBK _k825.8 _2ddc |
||
| 999 |
_c36731 _d36731 |
||